000 00438nam a2200169Ia 4500
005 20250508160417.0
008 008 250505s9999 xx 000 0 eng d
037 _aTextual
040 _aFEDL
_beng
_cFEDL
041 _aeng
_2eng
084 _a540, HUT
_qFEDL
100 _aHuton Kemth
_9768432
245 0 _aChemistry the cenqust of water
300 _a109-227p
942 _cTEXL
_h540, HUT
999 _c1364446
_d1364446